000 00206 a2200097 4500
001 28725
100 _aMortimore, A D
245 _aBranch Libraries
260 _a
_bAndrew Dentch
_c
090 _c19178
_d19178
942 _aNUST-CAE
_cM
_c10200
999 _c263798
_d263798